000
00333nam a2200145Ia 4500
008
220928s9999 xx 000 0 und d
082
_b
RAH
100
_a
RAHI, ABDUL S.
245
0
_a
HUM BACHCHE HINDUSTANI
260
_b
ARIHANT PRAKASHAN, JODHPUR
_c
2013
300
_a
48
650
_a
General
942
_c
BK
999
_c
208342
_d
208342
041
_a
HINDI